Normal view
MARC view
- Prof. Preshan Khatak
Entry Personal Name
001 - CONTROL NUMBER
- control field: 3170
003 - CONTROL NUMBER IDENTIFIER
- control field: NUST
005 - DATE AND TIME OF LATEST TRANSACTION
- control field: 20170706164719.0
008 - FIXED-LENGTH DATA ELEMENTS
- fixed length control field: 170706|| aca||aabn | a|a d
040 ## - CATALOGING SOURCE
- Original cataloging agency: NUST
- Transcribing agency: NUST
100 ## - HEADING--PERSONAL NAME
- Personal name: Prof. Preshan Khatak
670 ## - SOURCE DATA FOUND
- Source citation: Work cat.: (NUST): Khush Haal Khan Khatak 3169, Kalam Khush Haal Khan Khatak, 1987
